Binardo

保存先:
書誌詳細
第一著者: Lara Saborío, Luis
フォーマット: 図書
言語:Undetermined
出版事項: San José, Costa Rica Alma Mater 1986
主題:
タグ: タグ追加
タグなし, このレコードへの初めてのタグを付けませんか!

MARC

LEADER 00000nam a2200000Ia 4500
008 170316s9999 xx 000 0 und d
040 |a cru BVZT 
090 |a 868 L-1.1b 
100 |a Lara Saborío, Luis 
245 |a Binardo 
260 |a San José, Costa Rica 
260 |b Alma Mater 
260 |c 1986 
300 |a 207 páginas 
650 |a LITERATURA COSTARRICENSE 
650 |a NOVELA 
999 |c 11241  |d 11241 
942 |c 15 D  |h 868 L-1.1b  |2 z